Multifunkčná telocvičňa

Saved in:
Bibliographic Details
Main Author: Vidiš, Kristián Ján (Author)
Other Authors: Kalesný, František (Thesis advisor)
Format: Manuscript Book
Language:Slovak
Published: Bratislava 2019
Subjects:
Online Access:http://is.stuba.sk/zp/portal_zp.pl?podrobnosti=128192
Tags: Add Tag
No Tags, Be the first to tag this record!

MARC

LEADER 00000ntm a22000003a 4500
001 stuzp73883
003 SK-STU
005 20200916110003.9
007 ta
008 150427s2015----xo-----f-mn---000-0-slo-d
040 |a STU  |b slo 
041 0 |a slo 
100 1 |a Vidiš, Kristián Ján  |u 054140  |4 aut  |U FAD Fakulta architektúry  |T FA Ústav konštrukcií v architektúre a inžinierskych stavieb  |X 82401  |U A4140  |Y 395  |7 82401 
242 0 1 |a Multifunction Gym  |y eng 
245 1 0 |a Multifunkčná telocvičňa 
260 |c 2019  |a Bratislava 
650 4 |a šport  |2 slo 
650 4 |a Mladá Garda  |2 slo 
650 4 |a futbal  |2 slo 
650 4 |a bazén  |2 slo 
650 4 |a sport  |2 eng 
650 4 |a Mladá Garda  |2 eng 
650 4 |a football  |2 eng 
650 4 |a pool  |2 eng 
700 1 |a Kalesný, František  |u 054140  |k Z1  |4 ths  |U FAD Fakulta architektúry  |T FA Ústav konštrukcií v architektúre a inžinierskych stavieb  |X 400  |U A4140  |Y 395  |7 A000000400 
856 4 |u http://is.stuba.sk/zp/portal_zp.pl?podrobnosti=128192  |u https://opac.crzp.sk/?fn=detailBiblioForm&sid=819BE1355532A4D3171F6CAB1E91